00713 2200229 4500001002100000005001700021008004100038035002400079082001400103090002100117100002200138245009400160260007700254300001800331500003100349650003300380700002200413850001200435985000600447999001500453999001500468YOGYA-0209000005159320090227032744.0 ind  0010-020900000051593 a899.22161 a899.22161bRan W aRANGGAWALUYA, H.S aWawasan pangeran Dipati UkurcAnggitan H.S. Ranggawaluya; didipasieup ku Darkat darjusman aJakartabProyek Penerbitan Buku Bacaan Sastra Indonesia dan Daerahc1980 a...jilc21 cm aYang diterima jil. 2 dan 3 aKesusastraan Sunda - Tembang aDARJUSMAN, Darkat aYOPDYOG a2 aa000057431 aa000058161